Boom and Bust <A> Global History of Financial Bubbles
Na minha lista:
| Autor principal: | |
|---|---|
| Outros Autores: | |
| Formato: | Livro |
| Idioma: | inglês |
| Publicado em: |
Cambridge
Cambridge University Press
2022
|
| Edição: | 1st Edition |
| Assuntos: | |
| Tags: |
Sem tags, seja o primeiro a adicionar uma tag!
|
MARC
| LEADER | 00000nam a2200000 4500 | ||
|---|---|---|---|
| 001 | 0278994 | ||
| 005 | 20230118123640.7 | ||
| 020 | |a 978-1-108-43165-1 | ||
| 020 | |a 978-1-108-42125-6 | ||
| 041 | 0 | |a eng | |
| 044 | |a GB | ||
| 245 | 1 | 0 | |a Boom and Bust |b <A> Global History of Financial Bubbles |
| 250 | |a 1st Edition | ||
| 264 | 1 | |a Cambridge |b Cambridge University Press |c 2022 | |
| 300 | |a 365 s. | ||
| 610 | 2 | 0 | |a bubliny finančné |
| 610 | 2 | 0 | |a história |
| 610 | 2 | 0 | |a trh akciový |
| 610 | 2 | 0 | |a trh finančný |
| 610 | 2 | 0 | |a investori |
| 610 | 2 | 0 | |a predvídanie |
| 610 | 2 | 0 | |a burzy |
| 610 | 2 | 0 | |a dáta |
| 610 | 2 | 0 | |a banky |
| 610 | 2 | 0 | |a indexy cenové |
| 610 | 2 | 0 | |a indexy akciové |
| 610 | 2 | 0 | |a indexy burzové |
| 610 | 2 | 0 | |a spoločnosti |
| 100 | 1 | |a Quinn, William | |
| 700 | 1 | |a Turner, John D. | |